000 00925nam a22002417a 4500
999 _c64167
_d64167
005 20240530110718.0
008 180310s2016 ua ad f b 000 0 ara d
017 _a2016/27732
_bمصر. دار الكتب
020 _a9789772769735
040 _aEG-CaGPL
_cEG-CaGPL
082 0 4 _221
_a916.216
_bق/ج ج
100 0 _aجمال الدين محمود حجازى
245 1 0 _aجولة فى احياء القاهرة :
_bتاريخ احياء وشوارع القاهرة القديمة /
_cاعداد جمال الدين محمود حجازى .
250 _aط.1
260 _aالقاهرة :
_bالمكتب العربى للمعارف ،
_c2016 .
300 _a514 ص. ؛
_c24 سم.
650 _2qrmak
651 0 7 _2qrmak
_aالقاهرة
_xجغرافيا
651 0 7 _2qrmak
_aالقاهرة
_xاحياء وضواحى
651 0 7 _2qrmak
942 _2ddc
_cBK